|
|
|
|
| LEADER |
01058nam a2200253 a 4500 |
| 001 |
15656706 |
| 008 |
110823s2009 nyua b 001 0 eng d |
| 010 |
|
|
|a 2009924581
|
| 020 |
|
|
|a 9781429218870
|
| 020 |
|
|
|a 1429218878
|
| 040 |
|
|
|a DLC
|c DLC
|d DLC
|d BD-DhAAL
|
| 082 |
0 |
0 |
|a 339
|2 22
|
| 100 |
1 |
|
|a Mankiw, N. Gregory.
|
| 245 |
1 |
0 |
|a Macroeconomics /
|c N. Gregory Mankiw.
|
| 250 |
|
|
|a 7th ed.
|
| 260 |
|
|
|a New York, NY :
|b Worth Publishers,
|c c2009.
|
| 300 |
|
|
|a xxxvii, 598 p. :
|b col. ill. ;
|c 27 cm.
|
| 504 |
|
|
|a Includes bibliographical references.
|
| 541 |
|
|
|e 00023359
|
| 650 |
|
0 |
|a Macroeconomics.
|
| 852 |
1 |
|
|a Ayesha Abed Library
|c General shelf.
|
| 999 |
|
|
|c 11219
|d 11219
|
| 952 |
|
|
|0 0
|1 0
|2 ddc
|4 0
|6 339_MAN
|7 0
|9 17920
|a BRACUL
|b BRACUL
|c GEN
|d 2011-08-25
|e Karim International.
|g 5550.00
|l 15
|m 140
|o 339 MAN
|p 3010023359
|r 2025-01-16
|s 2025-01-07
|t 1
|w 2011-08-25
|y BK
|x Available
|
| 952 |
|
|
|0 0
|1 0
|2 ddc
|4 0
|6 339_MAN
|7 0
|9 17921
|a BRACUL
|b BRACUL
|c GEN
|d 2011-08-25
|e Karim International.
|g 5550.00
|l 19
|m 146
|o 339 MAN
|p 3010023360
|r 2025-11-15
|s 2025-06-26
|t 2
|w 2011-08-25
|y BK
|x Available
|